[Event "Xtracon Chess Open 2017"]
[Site "Helsingor DEN"]
[Date "2017.07.26"]
[Round "6.55"]
[White "Thogersen, Rasmus"]
[Black "Vesterli, Michael E."]
[Result "0-1"]
[WhiteElo "2222"]
[BlackElo "2073"]
[WhiteFideId "1431412"]
[BlackFideId "1417339"]
[EventDate "2017.07.22"]

1. e4 c5 2. Nf3 e6 3. d4 cxd4 4. Nxd4 a6 5. Bd3 Qb6 6. Nb3 Qc7 7. Qe2 Nf6 8. O-O
d6 9. f4 Nbd7 10. Be3 b6 11. c4 Bb7 12. Nc3 Be7 13. Rae1 O-O 14. Bc1 Rfd8 15.
Bb1 Rac8 16. e5 Ne8 17. Kh1 g6 18. f5 Nxe5 19. fxe6 fxe6 20. Qf2 Ng7 21. Nd2 Rf8
22. Qe2 Nxc4 23. Rxf8+ Bxf8 24. Nde4 Be7 25. Ng5 Bxg5 26. Bxg5 Nxb2 27. Rc1 Na4
28. Bd2 Qc4 29. Bd3 Nxc3 30. Rxc3 Qxa2 31. Bc4 Qb1+ 32. Rc1 Qf5 33. Rf1 Qe4 34.
Qxe4 Bxe4 35. Bxa6 Rc2 36. Rd1 Nf5 37. Bf1 d5 0-1

[Event "Xtracon Chess Open 2017"]
[Site "Helsingor DEN"]
[Date "2017.07.26"]
[Round "6.56"]
[White "Schmied, Andreas"]
[Black "Merkesvik, Sondre"]
[Result "0-1"]
[BlackTitle "FM"]
[WhiteElo "2010"]
[BlackElo "2211"]
[WhiteFideId "4625897"]
[BlackFideId "1514350"]
[EventDate "2017.07.22"]

1. e4 Nf6 2. e5 Nd5 3. d4 d6 4. Nf3 Bg4 5. Be2 Nc6 6. c4 Nb6 7. exd6 exd6 8. d5
Bxf3 9. Bxf3 Ne5 10. Be2 Be7 11. f4 Ng6 12. Nc3 O-O 13. O-O Bf6 14. Qd3 Re8 15.
Bd2 Bxc3 16. Bxc3 Qe7 17. Rae1 Qe3+ 18. Qxe3 Rxe3 19. g3 Rae8 20. Bd3 Na4 21.
Rxe3 Rxe3 22. Bxg6 hxg6 23. Rc1 Nxc3 24. Rxc3 Re2 25. Rb3 b6 26. a4 Rc2 27. a5
Rxc4 28. axb6 axb6 0-1

[Event "Xtracon Chess Open 2017"]
[Site "Helsingor DEN"]
[Date "2017.07.26"]
[Round "6.57"]
[White "Schmidt, Kristen"]
[Black "Roder, Peter Ulrik"]
[Result "1-0"]
[WhiteElo "2201"]
[BlackElo "2048"]
[WhiteFideId "1400436"]
[BlackFideId "1402471"]
[EventDate "2017.07.22"]

1. e4 e6 2. d4 d5 3. Nc3 Nf6 4. e5 Nfd7 5. f4 c5 6. Nf3 Nc6 7. Be3 cxd4 8. Nxd4
Nxd4 9. Bxd4 Bc5 10. Bxc5 Nxc5 11. Qd4 Nd7 12. O-O-O O-O 13. Kb1 Qb6 14. Qd2 a6
15. Bd3 Qd8 16. Rhe1 Nc5 17. g4 Nxd3 18. Qxd3 b5 19. Ne2 Bd7 20. Nd4 Qh4 21. h3
Rfc8 22. Qe3 Rc4 23. f5 Rac8 24. Rg1 Qh6 25. Qxh6 gxh6 26. f6 Kf8 27. h4 Kg8 28.
h5 Kh8 29. g5 Rg8 30. b3 Rc3 31. gxh6 Rcg3 32. Rxg3 Rxg3 33. Rd3 Rg1+ 34. Kb2 b4
35. a3 a5 36. axb4 axb4 37. c3 Rg2+ 38. Kc1 Rg1+ 39. Kd2 Rg2+ 40. Ke3 Rg3+ 41.
Kd2 Rg2+ 42. Ke1 Rg5 43. Nf3 Rxh5 44. cxb4 Rh1+ 45. Kf2 Kg8 46. Rc3 Kf8 47. Rc7
Ke8 48. Ra7 Kd8 49. Ng5 Be8 50. Ra8+ Kd7 51. b5 Rh2+ 52. Ke1 Rb2 53. Nxh7 Rxb3
54. Nf8+ Kc7 55. Rxe8 1-0

[Event "Xtracon Chess Open 2017"]
[Site "Helsingor DEN"]
[Date "2017.07.26"]
[Round "6.58"]
[White "Bjorneboe, Kristian"]
[Black "Leutwyler, Martin"]
[Result "1/2-1/2"]
[WhiteElo "2023"]
[BlackElo "2198"]
[WhiteFideId "1424718"]
[BlackFideId "1301969"]
[EventDate "2017.07.22"]

1. d4 d5 2. Nf3 Nf6 3. e3 c5 4. c3 cxd4 5. exd4 Nc6 6. Bf4 g6 7. Ne5 Bg7 8. Nxc6
bxc6 9. Be2 O-O 10. O-O Nd7 11. Nd2 f6 12. Nb3 a5 13. Re1 a4 14. Nd2 e5 15. Bg3
a3 16. bxa3 f5 17. Bxe5 Nxe5 18. dxe5 Bxe5 19. Qc2 Qf6 20. Rac1 Rxa3 21. Nb3 Rf7
22. c4 d4 23. c5 Be6 24. Bc4 Bxc4 25. Qxc4 Kg7 26. Rc2 Rfa7 27. Rce2 R3a4 28.
Qd3 1/2-1/2

[Event "Xtracon Chess Open 2017"]
[Site "Helsingor DEN"]
[Date "2017.07.26"]
[Round "6.59"]
[White "Fossan, Andreas"]
[Black "Jorgensen, Dennis"]
[Result "0-1"]
[WhiteElo "1998"]
[BlackElo "2197"]
[WhiteFideId "1516108"]
[BlackFideId "1408380"]
[EventDate "2017.07.22"]

1. d4 Nf6 2. c4 e6 3. Nc3 Bb4 4. e3 O-O 5. Ne2 c6 6. a3 Ba5 7. c5 d6 8. cxd6
Qxd6 9. b4 Bc7 10. g3 e5 11. Bg2 Re8 12. O-O Nbd7 13. Qc2 Nb6 14. Rd1 Qe7 15. e4
Bg4 16. f3 exd4 17. Nxd4 Bd7 18. Be3 Nfd5 19. Nxd5 Nxd5 20. Bf2 Nf6 21. Re1 Rad8
22. b5 Ba5 23. Rec1 cxb5 24. Nb3 Rc8 25. Qd3 b6 26. Nxa5 bxa5 27. Bxa7 Be6 28.
Bb6 Bc4 29. Qd2 a4 30. Qf2 Nd7 31. Bd4 Ne5 32. Bxe5 Qxe5 33. Bh3 Rcd8 34. Rd1 h6
35. Bf1 Bb3 36. Rxd8 Rxd8 37. Rc1 Qd6 38. Qc5 Qxc5+ 39. Rxc5 Rd1 40. Kf2 Ra1 41.
Bxb5 Rxa3 42. Rc3 Ra2+ 43. Kg1 Rc2 44. Rd3 g6 45. e5 Kh7 46. Bd7 Rb2 47. Bxa4
Bxa4 48. Re3 Bb3 49. Re1 Bc4 50. Re3 g5 51. h4 gxh4 52. gxh4 Kg6 53. Re4 Be6 54.
Rd4 Kf5 55. Rd8 Rb4 0-1

[Event "Xtracon Chess Open 2017"]
[Site "Helsingor DEN"]
[Date "2017.07.26"]
[Round "6.60"]
[White "Schroeder, Christoph"]
[Black "Kristiansen, Willy"]
[Result "1-0"]
[WhiteElo "2196"]
[BlackElo "2041"]
[WhiteFideId "4605250"]
[BlackFideId "1504525"]
[EventDate "2017.07.22"]

1. e4 e5 2. Nc3 Nf6 3. Nf3 Nc6 4. d4 exd4 5. Nxd4 Bb4 6. Nxc6 bxc6 7. Bd3 d5 8.
exd5 cxd5 9. O-O O-O 10. h3 c6 11. Qf3 Bd6 12. Bf4 Bxf4 13. Qxf4 Be6 14. b3 Qa5
15. Ne2 c5 16. Ng3 c4 17. Be2 Qc3 18. Bf3 Rad8 19. Rfc1 d4 20. Ne2 Qb4 21. Rd1
cxb3 22. axb3 Qc5 23. Nxd4 Bd5 24. c4 Be4 25. Bxe4 Nxe4 26. Qxe4 Rfe8 27. Qc6 1-0

[Event "Xtracon Chess Open 2017"]
[Site "Helsingor DEN"]
[Date "2017.07.26"]
[Round "6.61"]
[White "Marthedal, Anton Mehmet Yildiz"]
[Black "Andersen, Morten"]
[Result "0-1"]
[WhiteElo "1993"]
[BlackElo "2193"]
[WhiteFideId "1441540"]
[BlackFideId "1504908"]
[EventDate "2017.07.22"]

1. d4 Nf6 2. Nf3 c5 3. c3 e6 4. Bg5 Be7 5. e3 b6 6. Bb5 O-O 7. O-O Bb7 8. Nbd2
Nc6 9. Qe2 Nd5 10. Bxe7 Qxe7 11. Ba6 Bxa6 12. Qxa6 f5 13. Rfe1 g5 14. Nc4 g4 15.
Nfe5 Nxe5 16. dxe5 Kh8 17. a4 Rab8 18. Nd6 Qg7 19. e4 fxe4 20. Rxe4 Nf4 21. Qc4
Qg5 22. Rae1 h5 23. R1e3 Nd5 24. Re1 Kg8 25. g3 Rf3 26. Qb5 Qg7 27. Qa6 Rbf8 28.
R4e2 h4 29. Qxa7 hxg3 30. hxg3 Nf4 31. Ne4 Nxe2+ 32. Rxe2 Qxe5 33. Qxd7 Qd5 34.
Qe7 R3f7 35. Qg5+ Rg7 36. Qc1 Qd3 37. Re1 Rg6 38. Re3 Qd5 39. Qc2 0-1

[Event "Xtracon Chess Open 2017"]
[Site "Helsingor DEN"]
[Date "2017.07.26"]
[Round "6.62"]
[White "Olsen, Filip Boe"]
[Black "De Coninck, Erik"]
[Result "1-0"]
[WhiteTitle "FM"]
[WhiteElo "2189"]
[BlackElo "2032"]
[WhiteFideId "1440640"]
[BlackFideId "233234"]
[EventDate "2017.07.22"]

1. d4 e6 2. Nf3 f5 3. g3 Nf6 4. Bg2 Be7 5. O-O O-O 6. c4 d6 7. Nc3 Ne4 8. Qc2
Nxc3 9. Qxc3 a5 10. Qc2 Nc6 11. Rd1 Qe8 12. d5 Nb4 13. Qd2 e5 14. a3 Na6 15.
Qxa5 Qh5 16. Qe1 f4 17. Nd2 Bg4 18. f3 fxg3 19. hxg3 Bd7 20. Ne4 Ba4 21. Rd3 Bc2
22. Re3 Bxe4 23. Rxe4 Nc5 24. Re3 Bg5 25. Rc3 Bf6 26. e4 Bg5 27. b4 Nd7 28. c5
Rf7 29. Be3 Bxe3+ 30. Qxe3 Nf6 31. Qe1 g5 32. cxd6 cxd6 33. Rac1 Kg7 34. Qe3 Qg6
35. Rc7 Rf8 36. a4 Nh5 37. Bh3 Nxg3 38. Be6 Rxc7 39. Rxc7+ Kh6 40. Qf2 Nh5 41.
Bf5 Rxf5 42. exf5 Qxf5 43. Qc2 Qxc2 44. Rxc2 Nf4 45. a5 Nxd5 46. b5 Kg6 47. a6
bxa6 48. bxa6 Nb4 49. Rd2 Nxa6 50. Rxd6+ Kf5 51. Rxa6 h5 52. Kf2 h4 53. Ra4 Kg6
54. Kg2 Kf6 55. Kh3 Kf5 56. Rb4 1-0

[Event "Xtracon Chess Open 2017"]
[Site "Helsingor DEN"]
[Date "2017.07.26"]
[Round "6.63"]
[White "Carnstam, Tomas"]
[Black "Moe, Mogens"]
[Result "1-0"]
[BlackTitle "FM"]
[WhiteElo "1977"]
[BlackElo "2188"]
[WhiteFideId "1707221"]
[BlackFideId "1400550"]
[EventDate "2017.07.22"]

1. g3 g6 2. Bg2 Bg7 3. d4 c5 4. Nf3 cxd4 5. Nxd4 Nc6 6. Nb3 Nf6 7. e4 d6 8. c3
O-O 9. O-O a5 10. a4 Be6 11. Na3 Ne5 12. Nd4 Qc8 13. Nxe6 Qxe6 14. f4 Ned7 15.
f5 gxf5 16. exf5 Qe5 17. Bf4 Qc5+ 18. Kh1 Ne5 19. Qd2 Rab8 20. Be3 Nc4 21. Nxc4
Qxc4 22. Rf4 Qc8 23. Raf1 Kh8 24. Rh4 Rg8 25. g4 Qe8 26. g5 Nd7 27. Qe2 h6 28.
Bd4 Ne5 29. f6 exf6 30. gxf6 Bf8 31. Qd2 Rg6 32. Be4 Rg4 33. Rxh6+ Kg8 34. Bh7+
Kh8 35. Bf5+ Kg8 36. Bxg4 Qc6+ 37. Kg1 Bxh6 38. Qxh6 1-0

[Event "Xtracon Chess Open 2017"]
[Site "Helsingor DEN"]
[Date "2017.07.26"]
[Round "6.64"]
[White "Grove, Peter"]
[Black "Jensen, Thore Nyboe"]
[Result "0-1"]
[WhiteElo "2182"]
[BlackElo "2016"]
[WhiteFideId "1411101"]
[BlackFideId "1405349"]
[EventDate "2017.07.22"]

1. c4 Nf6 2. Nc3 e6 3. e4 d5 4. e5 d4 5. exf6 dxc3 6. bxc3 Qxf6 7. d4 c5 8. Nf3
cxd4 9. Bg5 Qf5 10. Bd3 Qa5 11. O-O dxc3 12. Rb1 Nc6 13. Be4 Qc7 14. Qc2 h6 15.
Be3 Be7 16. Qxc3 O-O 17. Rb5 f5 18. Bxc6 bxc6 19. Rb3 Bf6 20. Bd4 Bxd4 21. Qxd4
Rd8 22. Qc5 Qd6 23. Qa5 c5 24. Rb2 Ba6 25. Qa4 Rab8 26. Rb3 Bb7 27. Re1 Be4 28.
Rc3 Rb4 29. Qa5 Rdb8 30. Rcc1 Rb1 31. Nd2 Rxc1 32. Rxc1 Rb2 33. Nb3 Rc2 34. Re1
Rxc4 35. f3 Bc2 36. Nc1 Qd4+ 37. Kh1 Ra4 38. Qb5 Kh7 39. Qe8 Ra6 40. Rg1 Rd6 41.
Ne2 Qe5 42. Ng3 f4 0-1

[Event "Xtracon Chess Open 2017"]
[Site "Helsingor DEN"]
[Date "2017.07.26"]
[Round "6.65"]
[White "Petersen, Peter Birk"]
[Black "Frisk, Hans"]
[Result "1-0"]
[WhiteElo "2179"]
[BlackElo "1997"]
[WhiteFideId "1401696"]
[BlackFideId "1708570"]
[EventDate "2017.07.22"]

1. e4 e5 2. Nf3 Nc6 3. Bb5 g6 4. c3 a6 5. Ba4 d6 6. d4 Bd7 7. O-O Bg7 8. a3 Nf6
9. d5 Ne7 10. Bxd7+ Qxd7 11. Re1 O-O 12. c4 h6 13. Nc3 Ne8 14. Rb1 f5 15. Qa4
Qc8 16. c5 f4 17. cxd6 cxd6 18. Nd2 g5 19. Qb4 Ng6 20. f3 Nh4 21. Na4 Qc7 22.
Qb6 Rc8 23. b3 Qxb6+ 24. Nxb6 Rc2 25. Rb2 Rxb2 26. Bxb2 h5 27. Rc1 g4 28. a4
gxf3 29. gxf3 Rf6 30. Kf2 Rg6 31. Rg1 Rxg1 32. Kxg1 Bf6 33. Ba3 Bd8 34. Nc8 Bc7
35. Kf2 b5 36. axb5 axb5 37. Nb1 Kf7 38. Nc3 Ng6 39. Nxb5 Bb8 40. Ncxd6+ Bxd6
41. Bxd6 Nxd6 42. Nxd6+ Ke7 43. Nc4 Kd7 44. b4 Kc8 45. Ke2 1-0

[Event "Xtracon Chess Open 2017"]
[Site "Helsingor DEN"]
[Date "2017.07.26"]
[Round "6.66"]
[White "Nilssen, Ellen Fredericia"]
[Black "Issakainen, Ari"]
[Result "0-1"]
[WhiteElo "1948"]
[BlackElo "2168"]
[WhiteFideId "1441230"]
[BlackFideId "500330"]
[EventDate "2017.07.22"]

1. d4 b6 2. c4 Bb7 3. Nc3 e6 4. Nf3 Bb4 5. Qc2 f5 6. Bg5 Nf6 7. e3 O-O 8. Bd3
Qe8 9. Bxf6 Rxf6 10. O-O-O c5 11. Nb5 cxd4 12. Nc7 Qd8 13. Nxa8 dxe3 14. fxe3
Bxa8 15. e4 g6 16. e5 Rf8 17. Qa4 a5 18. h4 Na6 19. Qc2 h6 20. Qf2 Nc5 21. Qg3
Kh7 22. Qf2 Qc7 23. Qd4 a4 24. Bc2 a3 25. b3 Bc6 26. Ne1 Ne4 27. Bxe4 fxe4 28.
h5 g5 29. Nd3 exd3 30. Qxd3+ Rf5 31. Rdf1 Qxe5 32. g4 Be4 33. Qxd7+ Kg8 34. Qe8+
Rf8 35. Rxf8+ Bxf8 36. Rh3 Qf4+ 37. Kd1 Qxg4+ 38. Kd2 Qxh3 0-1

[Event "Xtracon Chess Open 2017"]
[Site "Helsingor DEN"]
[Date "2017.07.26"]
[Round "6.67"]
[White "Kardoeus, David"]
[Black "Meurman, Arne"]
[Result "1-0"]
[WhiteElo "2165"]
[BlackElo "1980"]
[WhiteFideId "12912050"]
[BlackFideId "1704923"]
[EventDate "2017.07.22"]

1. e4 c5 2. Nf3 e6 3. d4 cxd4 4. Nxd4 a6 5. Bd3 Nf6 6. O-O Qc7 7. Qe2 d6 8. c4
Be7 9. Nc3 Nbd7 10. f4 O-O 11. Be3 b6 12. Rac1 Re8 13. g4 Nc5 14. Bc2 Bb7 15.
Bd2 d5 16. cxd5 exd5 17. e5 Nfd7 18. b4 Ne6 19. Nxe6 fxe6 20. Nxd5 Qd8 21. Nc7
Bc5+ 22. bxc5 Qxc7 23. cxb6 Qxb6+ 24. Be3 Qa5 25. Rfd1 Nb6 26. Rb1 1-0

[Event "Xtracon Chess Open 2017"]
[Site "Helsingor DEN"]
[Date "2017.07.26"]
[Round "6.68"]
[White "Smeby, Ole"]
[Black "Ezra, Paul Chambers"]
[Result "0-1"]
[BlackTitle "FM"]
[WhiteElo "1938"]
[BlackElo "2162"]
[WhiteFideId "1503677"]
[BlackFideId "20300204"]
[EventDate "2017.07.22"]

1. d4 Nf6 2. c4 c5 3. d5 e6 4. Nc3 exd5 5. cxd5 d6 6. Nf3 g6 7. g3 Bg7 8. Bg2
O-O 9. O-O Re8 10. Nd2 a6 11. a4 Nbd7 12. e4 Ne5 13. Qc2 g5 14. Nf3 Nxf3+ 15.
Bxf3 Bh3 16. Re1 Ng4 17. Bg2 Bxg2 18. Kxg2 h6 19. f3 Ne5 20. f4 gxf4 21. gxf4
Qh4 22. Rf1 Ng4 23. h3 Bxc3 24. bxc3 Nf6 25. e5 dxe5 26. d6 Nh5 27. Qf2 Qxf2+
28. Rxf2 Rad8 29. fxe5 Rxe5 30. Bxh6 Rxd6 31. Bd2 Red5 32. Ra2 Rg6+ 33. Kh2 Ng3
34. Bf4 Ne4 35. Rf3 c4 36. Re2 f5 37. h4 Rd3 38. Rf1 Rg4 39. Rg1 Rxg1 40. Kxg1
Rxc3 41. h5 Rf3 42. Be3 b5 43. axb5 axb5 44. Kg2 Rg3+ 45. Kh2 c3 46. Bd4 Rg5 47.
Rg2 Rxg2+ 48. Kxg2 b4 49. Kf3 b3 0-1

[Event "Xtracon Chess Open 2017"]
[Site "Helsingor DEN"]
[Date "2017.07.26"]
[Round "6.69"]
[White "Sorensen, Torben Kyhl"]
[Black "Hoti, Nimon"]
[Result "0-1"]
[WhiteElo "2155"]
[BlackElo "1953"]
[WhiteFideId "1412248"]
[BlackFideId "1510746"]
[EventDate "2017.07.22"]

1. e4 c6 2. d4 d5 3. exd5 cxd5 4. c4 e6 5. Nc3 Nf6 6. Nf3 Be7 7. Bd3 O-O 8. O-O
dxc4 9. Bxc4 Nc6 10. Bf4 Nb4 11. Ne5 Nbd5 12. Bg5 h6 13. Bh4 Bd7 14. Qf3 Bc6 15.
Nxc6 bxc6 16. Rfd1 Re8 17. Rac1 Qa5 18. Bxf6 Bxf6 19. Ne4 Be7 20. Bb3 Rac8 21.
g3 Bf8 22. Rc2 Rc7 23. Rdc1 Rec8 24. Nc5 Bd6 25. Qe2 Bxc5 26. Rxc5 Qb6 27. Bc2
Rb8 28. b3 Rd8 29. a3 Nf6 30. Qe3 Rcd7 31. Rd1 Rd6 32. b4 Nd5 33. Qd3 Nf6 34.
Qc3 Qb7 35. Bb1 Qd7 36. Bc2 g6 37. Qe3 Kg7 38. Rc4 Nd5 39. Qe5+ Kg8 40. Qe4 Ne7
41. g4 Rd5 42. f4 a5 43. Qf3 axb4 44. axb4 Qa7 45. Qe3 Qb6 46. Kh1 Qa7 47. h4
Kg7 48. Be4 Rb5 49. Rg1 Nd5 50. Qf2 Qe7 51. Rxc6 Rxb4 52. f5 exf5 53. Bxf5 Qe3
54. Qxe3 Nxe3 55. Re1 Rb3 56. Bc8 Rxd4 57. Rg1 h5 58. Rc7 hxg4 59. Be6 Rb2 60.
Rxf7+ Kh6 61. Re1 Rdd2 0-1

[Event "Xtracon Chess Open 2017"]
[Site "Helsingor DEN"]
[Date "2017.07.26"]
[Round "6.70"]
[White "Rosell, Sven"]
[Black "Brorsen, Jacob Abildlund"]
[Result "0-1"]
[WhiteElo "1930"]
[BlackElo "2153"]
[WhiteFideId "1707760"]
[BlackFideId "1411233"]
[EventDate "2017.07.22"]

1. c4 f5 2. Nf3 Nf6 3. g3 g6 4. Bg2 Bg7 5. O-O O-O 6. Nc3 d6 7. d3 e5 8. Bd2 Nc6
9. Rb1 a5 10. a3 h6 11. b4 g5 12. b5 Ne7 13. c5 g4 14. Qb3+ Kh7 15. cxd6 Qxd6
16. Ne1 Be6 17. Qa4 Nd7 18. Be3 Nc5 19. Bxc5 Qxc5 20. Rc1 Qb6 21. Nc2 Rfd8 22.
Rfd1 Rd7 23. Ne3 Rd4 24. Nc4 Bxc4 25. dxc4 Rad8 26. Rxd4 Qxd4 27. Qb3 e4 28. Nd5
Nxd5 29. Rd1 Qb2 30. Qxb2 Bxb2 31. Rxd5 Rxd5 32. cxd5 Bxa3 33. e3 Kg7 34. Bf1
Kf6 35. Bc4 Ke5 36. Kf1 Bb4 37. Ke2 a4 38. Kd1 Kd6 39. b6 cxb6 40. Ba2 b5 41.
Ke2 Bc3 42. Kd1 b4 43. Bc4 Kc5 0-1

[Event "Xtracon Chess Open 2017"]
[Site "Helsingor DEN"]
[Date "2017.07.26"]
[Round "6.71"]
[White "Ivarsson, Torbjorn"]
[Black "Tandrup, Michael"]
[Result "1-0"]
[WhiteElo "2145"]
[BlackElo "1946"]
[WhiteFideId "1705865"]
[BlackFideId "1408356"]
[EventDate "2017.07.22"]

1. e4 d6 2. d4 Nf6 3. Nc3 Nbd7 4. Nf3 e5 5. Be2 Be7 6. O-O c6 7. a4 O-O 8. h3
Re8 9. Re1 Bf8 10. Bg5 Qc7 11. Bc4 h6 12. Bh4 Nb6 13. Bb3 Be6 14. Bxf6 gxf6 15.
Nh4 d5 16. a5 Nc4 17. Bxc4 dxc4 18. d5 Rad8 19. Qf3 Bc8 20. Re3 Bg7 21. a6 Kh7
22. Nf5 Bxf5 23. Qxf5+ Kh8 24. axb7 Qxb7 25. dxc6 Qxc6 26. Rxa7 Qe6 27. Qh5 Re7
28. Rxe7 Qxe7 29. Nd5 Qb7 30. Rg3 1-0

[Event "Xtracon Chess Open 2017"]
[Site "Helsingor DEN"]
[Date "2017.07.26"]
[Round "6.72"]
[White "Wahlund, Max"]
[Black "Voll, Oddvar U"]
[Result "1/2-1/2"]
[WhiteElo "2142"]
[BlackElo "1942"]
[WhiteFideId "1741861"]
[BlackFideId "1533827"]
[EventDate "2017.07.22"]

1. d4 g6 2. c4 Bg7 3. e4 d6 4. Nc3 Nd7 5. Be3 e5 6. Nf3 Ne7 7. Be2 O-O 8. dxe5
dxe5 9. O-O h6 10. Qd2 Kh7 11. Rad1 c6 12. Qd6 Qe8 13. Bc1 f5 14. b4 fxe4 15.
Nxe4 Nf5 16. Qd2 a5 17. bxa5 Nf6 18. Nxf6+ Bxf6 19. g4 Nd4 20. Qxh6+ Kg8 21.
Nxd4 exd4 22. Ba3 Bg7 23. Qd2 Rf7 24. Bc5 Qd8 25. Bb6 Qh4 26. Bxd4 Bxg4 27. Bxg7
Bxe2 28. Qxe2 Re7 29. Be5 Qg5+ 30. Kh1 Rxe5 31. Qb2 Qf4 32. f3 Rexa5 33. Rd7 Qe5
34. Qxe5 Rxe5 35. Rxb7 Rxa2 36. Rfb1 Re8 37. Rc7 c5 38. Rg1 Ree2 39. Rxg6+ Kh8
40. h4 Re1+ 41. Rg1 Ree2 42. Rc8+ Kh7 43. Rc7+ Kh8 1/2-1/2

[Event "Xtracon Chess Open 2017"]
[Site "Helsingor DEN"]
[Date "2017.07.26"]
[Round "6.73"]
[White "Laverton, Christian"]
[Black "Rasmussen, Morten Fredsgaard2"]
[Result "1-0"]
[WhiteElo "2133"]
[BlackElo "1922"]
[WhiteFideId "1506846"]
[BlackFideId "1410636"]
[EventDate "2017.07.22"]

1. d4 d5 2. c4 c6 3. Nf3 Nf6 4. e3 e6 5. Bd3 a6 6. b3 Bb4+ 7. Bd2 Bxd2+ 8. Nbxd2
Nbd7 9. Rc1 Qe7 10. O-O e5 11. e4 dxc4 12. Nxc4 exd4 13. e5 Nd5 14. Nd6+ Kf8 15.
Bc4 N7b6 16. Qxd4 Be6 17. Nd2 g6 18. f4 Nxc4 19. bxc4 Nc7 20. N2e4 Rd8 21. Qb6
Ne8 22. Rcd1 f5 23. Nc5 Bc8 24. Nxc8 Rxc8 25. Rd7 1-0

[Event "Xtracon Chess Open 2017"]
[Site "Helsingor DEN"]
[Date "2017.07.26"]
[Round "6.74"]
[White "Preuss, Flemming"]
[Black "Rendlev, Niels Moller"]
[Result "1-0"]
[WhiteElo "1986"]
[BlackElo "1756"]
[WhiteFideId "1403338"]
[BlackFideId "1409042"]
[EventDate "2017.07.22"]

1. f4 c5 2. Nf3 Nc6 3. g3 d5 4. Bg2 Nf6 5. d3 g6 6. O-O Bg7 7. Qe1 Qb6 8. c3 Bd7
9. Kh1 O-O 10. e4 dxe4 11. dxe4 e6 12. Nbd2 Qc7 13. e5 Ne8 14. Ne4 f5 15. Nxc5
Nxe5 16. Nxe5 Bb5 17. Nxe6 1-0

[Event "Xtracon Chess Open 2017"]
[Site "Helsingor DEN"]
[Date "2017.07.26"]
[Round "6.75"]
[White "Nielsen, Morten Majlund"]
[Black "Christiansen, Jens Jorgen"]
[Result "1/2-1/2"]
[WhiteElo "1927"]
[BlackElo "2131"]
[WhiteFideId "1445448"]
[BlackFideId "1401670"]
[EventDate "2017.07.22"]

1. d4 d5 2. c4 c6 3. Nf3 Nf6 4. e3 a6 5. Nbd2 b5 6. b3 Bg4 7. h3 Bh5 8. g4 Bg6
9. Ne5 Nfd7 10. Nxg6 hxg6 11. Bg2 e6 12. e4 dxc4 13. bxc4 Nb6 14. d5 e5 15. Qb3
N8d7 16. Qg3 c5 17. Bb2 Bd6 18. Rc1 b4 19. g5 a5 20. h4 a4 21. Bh3 Qe7 22. Nf3
a3 23. Ba1 Kd8 24. Nd2 Kc7 25. Nb3 Kb7 26. Kd2 Ka6 27. Kd3 Raf8 28. Rcf1 Rhg8
29. Bg4 f5 30. gxf6 gxf6 31. Be6 Rg7 32. Rfg1 f5 33. f3 fxe4+ 34. fxe4 Rf4 35.
h5 Nf8 36. h6 Rh7 37. Bg8 Qf6 38. Rh3 Rxh6 39. Nd2 Rxh3 40. Qxh3 Rf2 41. Qh6
Nbd7 42. Bh7 Qh8 43. Rh1 Qxh7 44. Qxh7 Nxh7 45. Rxh7 Nf8 46. Rg7 Rh2 47. Rf7 Kb6
48. Rf6 Rh3+ 49. Nf3 Kc7 50. Ke2 Rh1 51. Bxe5 Bxe5 52. Nxe5 b3 53. d6+ Kb7 54.
Rxf8 bxa2 55. d7 a1=Q 56. Rb8+ Ka6 57. Ra8+ Kb7 58. Rb8+ Ka6 1/2-1/2

[Event "Xtracon Chess Open 2017"]
[Site "Helsingor DEN"]
[Date "2017.07.26"]
[Round "6.76"]
[White "Norevall, Ulf"]
[Black "Skjoldager, Per"]
[Result "0-1"]
[WhiteElo "1769"]
[BlackElo "2126"]
[WhiteFideId "1705555"]
[BlackFideId "1408828"]
[EventDate "2017.07.22"]

1. d4 Nf6 2. c4 e6 3. Nc3 d5 4. Bg5 Nbd7 5. Nf3 Be7 6. e3 O-O 7. Rc1 b6 8. cxd5
exd5 9. Bd3 Bb7 10. O-O c5 11. Qe2 a6 12. Rfd1 c4 13. Bb1 Re8 14. Ne5 b5 15. Qc2
Nf8 16. Qf5 Qc8 17. Qf3 Qe6 18. Bf5 Qd6 19. Bf4 Qb6 20. Bg5 Rad8 21. Bb1 Ng6 22.
Bxf6 Qxf6 23. Nxg6 hxg6 24. Qxf6 gxf6 25. e4 dxe4 26. Nxe4 f5 27. Nc5 Bc6 28.
Nxa6 Bg5 29. Rc3 Rxd4 30. Rf1 Red8 31. Nb4 Bb7 32. Nc2 Rd1 33. Ne3 Rxf1+ 34.
Kxf1 Bf6 35. Ra3 Bxb2 36. Ra7 Rd7 37. Ra5 Bc6 38. Ra6 Rd6 39. Ra7 f4 0-1

[Event "Xtracon Chess Open 2017"]
[Site "Helsingor DEN"]
[Date "2017.07.26"]
[Round "6.77"]
[White "Hviid, Hans Henrik"]
[Black "Jacobsen, Per"]
[Result "0-1"]
[WhiteElo "1263"]
[BlackElo "1575"]
[WhiteFideId "1425374"]
[BlackFideId "1413856"]
[EventDate "2017.07.22"]

1. e4 Nf6 2. f3 d6 3. Bc4 g6 4. Ne2 Bg7 5. Nf4 O-O 6. O-O Nbd7 7. Nc3 c6 8. d4
Qc7 9. Nh3 b5 10. Bb3 a5 11. a3 Ba6 0-1

[Event "Xtracon Chess Open 2017"]
[Site "Helsingor DEN"]
[Date "2017.07.26"]
[Round "6.78"]
[White "Stuhlmann, Alexander"]
[Black "Sorensen, Bernhard W."]
[Result "1/2-1/2"]
[WhiteElo "1895"]
[BlackElo "1686"]
[WhiteFideId "12969788"]
[BlackFideId "1442074"]
[EventDate "2017.07.22"]

1. e4 e6 2. d4 d5 3. Nd2 dxe4 4. Nxe4 Bd7 5. Bd3 Bc6 6. Nf3 Nd7 7. O-O Ngf6 8.
Ng3 Be7 9. Re1 O-O 10. Ne5 Nxe5 11. dxe5 Nd7 12. Qg4 g6 13. Bh6 Re8 14. Rad1 Bf8
15. Bg5 Be7 16. h4 Bxg5 17. hxg5 Qe7 18. b4 b6 19. Be4 Qxb4 20. c3 Qc5 21. Bxc6
Qxc6 22. Ne4 Red8 23. Qh4 Nf8 24. Nf6+ Kh8 25. Qh6 Rxd1 26. Rxd1 Qxc3 27. Rd7
Qc1+ 28. Kh2 Qf4+ 29. Kh3 Qf5+ 30. Kh2 Qf4+ 31. Kh3 Qf5+ 32. Kg3 Qxe5+ 33. Kf3
Qf5+ 34. Ke3 Qe5+ 35. Kd2 1/2-1/2